[Event "Wch Seniors 65 29th"]
[Site "Bucharest"]
[Date "2019.11.19"]
[Round "7"]
[White "Lie, Terje"]
[Black "Khazankin, Moisey"]
[Result "0-1"]
[WhiteElo "1527"]
[BlackElo "1954"]
[PlyCount "106"]
[EventDate "2019.11.12"]
[EventType "swiss"]
[EventRounds "11"]
[EventCountry "ROU"]
[SourceTitle "CBM 193 Extra"]
[Source "ChessBase"]
[SourceDate "2020.01.31"]
[SourceVersion "1"]
[SourceVersionDate "2020.01.31"]
[SourceQuality "1"]

1. d4 c5 2. Nf3 cxd4 3. Nxd4 Nc6 4. e3 Nf6 5. c4 d6 6. Nc3 e5 7. Nf3 Be7 8. b3 0-0 9. Bb2 Ne8 10. Nd5 f5 11. Nxe7+ Qxe7 12. Be2 Be6 13. 0-0 g5 14. Qc2 g4 15. Nd2 Rf7 16. Ba3 a5 17. Qc3 Nf6 18. Rfd1 Rd8 19. Rac1 f4 20. f3 fxe3 21. Qxe3 Nd4 22. Ne4 Nxe4 23. fxe4 Rdf8 24. Bb2 Nxe2+ 25. Qxe2 b5 26. cxb5 Qa7+ 27. Kh1 Rf2 28. Qe1 Rxb2 29. Rxd6 Qf7 30. b6 Rf2 31. Kg1 Rxa2 32. b7 Rb2 33. Rb6 Rxb3 34. b8Q Rxb8 35. Rxb8+ Rxb8 36. Qxa5 Rf8 37. Qd2 Qf4 38. Qe1 Bc8 39. Rc2 Bb7 40. Rf2 Qxf2+ 41. Qxf2 Rxf2 42. Kxf2 Bxe4 43. g3 Kf7 44. Ke3 Bc6 45. Kd3 Ke6 46. Ke2 Kd5 47. Kd3 e4+ 48. Ke3 Ke5 49. Ke2 Kd4 50. Kd2 e3+ 51. Ke1 Bb5 52. Kd1 e2+ 53. Kd2 Ke4 0-1

[Event "EU-ch Seniors 65 16th"]
[Site "Yerevan"]
[Date "2016.06.08"]
[Round "4"]
[White "Khazankin, Moisey"]
[Black "Ciuro Munoz, Ricardo"]
[Result "1-0"]
[WhiteElo "1951"]
[BlackElo "2032"]
[PlyCount "109"]
[EventDate "2016.06.05"]
[EventType "swiss"]
[EventRounds "9"]
[EventCountry "ARM"]
[SourceTitle "CBM 172 Extra"]
[Source "ChessBase"]
[SourceDate "2016.06.21"]
[SourceVersion "1"]
[SourceVersionDate "2016.06.21"]
[SourceQuality "1"]

1. e4 e6 2. d4 d5 3. Nd2 dxe4 4. Nxe4 Bd7 5. Nf3 Bc6 6. Bd3 Nd7 7. 0-0 Ngf6 8. Ng3 Be7 9. b3 0-0 10. Bb2 Bxf3 11. Qxf3 c6 12. c4 a5 13. a3 Re8 14. Rad1 Qb6 15. Bc2 Rad8 16. Rfe1 Qa6 17. Re3 a4 18. Qe2 axb3 19. Bxb3 Bf8 20. h4 Qa5 21. h5 h6 22. Re1 Qg5 23. Bd1 Ra8 24. Bc1 Qh4 25. Ne4 Ra5 26. c5 Rea8 27. Qd3 Nd5 28. Rg3 f5 29. Ng5 hxg5 30. Bxg5 Rxa3 31. Bxh4 Rxd3 32. Rxd3 e5 33. dxe5 Nxc5 34. Rg3 Ne4 35. Rb3 Ra1 36. f3 Nc5 37. Bc2 Nxb3 38. Bxb3 Bc5+ 39. Kh2 Rxe1 40. Bxe1 Kf7 41. Bc3 Ke6 42. g4 fxg4 43. fxg4 Be7 44. Kg3 c5 45. Bxd5+ Kxd5 46. Kf4 b5 47. g5 b4 48. Bb2 Ke6 49. h6 gxh6 50. gxh6 Bf8 51. h7 Bg7 52. Ke4 Bh8 53. Kd3 Kd5 54. e6 c4+ 55. Kc2 1-0

[Event "Wch Seniors 65 24th"]
[Site "Katerini"]
[Date "2014.11.03"]
[Round "10"]
[White "Khazankin, Moisey"]
[Black "Filipenko, Alexander V"]
[Result "0-1"]
[WhiteElo "2039"]
[BlackElo "2292"]
[PlyCount "67"]
[EventDate "2014.10.24"]
[EventType "swiss"]
[EventRounds "11"]
[EventCountry "GRE"]
[SourceTitle "EXT 2015"]
[Source "ChessBase"]
[SourceDate "2014.11.20"]
[SourceVersion "1"]
[SourceVersionDate "2014.11.20"]
[SourceQuality "1"]

1. e4 c5 2. Nf3 d6 3. d4 cxd4 4. Nxd4 Nf6 5. Nc3 e6 6. Bg5 Be7 7. Qd2 a6 8. f4 h6 9. Bxf6 Bxf6 10. 0-0-0 Be7 11. Kb1 Nc6 12. Nf3 b5 13. g4 Bb7 14. Qe3 Qc7 15. Rg1 0-0-0 16. Rg2 Na5 17. Rgd2 Qc5 18. Qxc5+ dxc5 19. Ne5 Rxd2 20. Rxd2 Rf8 21. Kc1 Nc6 22. Nxc6 Bxc6 23. a4 c4 24. axb5 axb5 25. e5 Bc5 26. Nd1 Rd8 27. Rxd8+ Kxd8 28. Kd2 g5 29. fxg5 hxg5 30. c3 Bg1 31. h3 Bh2 32. Ne3 Bf4 33. Ke2 Kc7 34. Ng2 0-1

[Event "Wch Seniors 65 24th"]
[Site "Katerini"]
[Date "2014.10.28"]
[Round "5"]
[White "Kolbak, Jens"]
[Black "Khazankin, Moisey"]
[Result "1-0"]
[WhiteElo "2232"]
[BlackElo "2039"]
[PlyCount "115"]
[EventDate "2014.10.24"]
[EventType "swiss"]
[EventRounds "11"]
[EventCountry "GRE"]
[SourceTitle "EXT 2015"]
[Source "ChessBase"]
[SourceDate "2014.11.20"]
[SourceVersion "1"]
[SourceVersionDate "2014.11.20"]
[SourceQuality "1"]

1. d4 Nf6 2. c4 c5 3. dxc5 e6 4. Nc3 Bxc5 5. Nf3 Nc6 6. e3 0-0 7. Be2 d5 8. cxd5 exd5 9. 0-0 Bf5 10. a3 Bb6 11. Na4 Bc7 12. b4 Qd6 13. Bb2 Ng4 14. g3 Be4 15. Nh4 Nh6 16. Nc5 Qe7 17. Rc1 Be5 18. Bxe5 Nxe5 19. f3 b6 20. fxe4 bxc5 21. Rxc5 dxe4 22. Qd4 Ng6 23. Nf5 Nxf5 24. Rfxf5 Rad8 25. Rfd5 Rxd5 26. Rxd5 Rc8 27. Bc4 Qc7 28. Rc5 Qd8 29. Rxc8 Qxc8 30. Qxe4 Qd7 31. Qa8+ Nf8 32. Qd5 Qxd5 33. Bxd5 Nd7 34. a4 Kf8 35. Kf2 Ke7 36. Ke2 f6 37. Kd3 Kd6 38. Kd4 Ne5 39. b5 Kc7 40. a5 Nd7 41. h4 Ne5 42. Be4 h6 43. Bd5 Nd7 44. g4 Ne5 45. g5 hxg5 46. hxg5 Nd7 47. g6 Ne5 48. Be4 Kd6 49. Bc2 Nf3+ 50. Kc4 Ne5+ 51. Kb4 Nd7 52. Be4 Nc5 53. Bf5 Nb7 54. a6 Nc5 55. b6 Kc6 56. bxa7 Nxa6+ 57. Ka5 Kb7 58. Bc8+ 1-0

[Event "Mukachevo Rating 15th"]
[Site "Mukachevo"]
[Date "2012.11.13"]
[Round "11"]
[White "Khazankin, Moisey"]
[Black "Sevostianov, Pavel"]
[Result "0-1"]
[WhiteElo "2068"]
[BlackElo "2298"]
[PlyCount "108"]
[EventDate "2012.11.08"]
[EventType "tourn"]
[EventRounds "11"]
[EventCountry "UKR"]
[EventCategory "1"]
[SourceTitle "EXT 2014"]
[Source "ChessBase"]
[SourceDate "2013.11.20"]
[SourceVersion "1"]
[SourceVersionDate "2013.11.20"]
[SourceQuality "1"]

1. e4 e5 2. Nf3 Nc6 3. Bb5 Nge7 4. 0-0 g6 5. d4 exd4 6. Nxd4 Bg7 7. c3 Nxd4 8. cxd4 c6 9. Ba4 d5 10. e5 Qb6 11. Nc3 Be6 12. Bc2 Bf5 13. Bb3 Qa6 14. Bg5 Qd3 15. Bxe7 Qxd1 16. Raxd1 Kxe7 17. Rfe1 Be6 18. a4 a5 19. Bc2 Ra6 20. h3 h5 21. Kh2 h4 22. Ne2 Bh6 23. f4 Rb6 24. b3 f5 25. Rf1 Rb4 26. Rf3 b6 27. g3 hxg3+ 28. Rxg3 Kf7 29. Rc3 Rc8 30. Kg3 c5 31. Nc1 g5 32. fxg5 Bxg5 33. Na2 Rxd4 34. Rxd4 cxd4 35. Rxc8 Bxc8 36. b4 Ke6 37. h4 Bh6 38. Bd3 Kxe5 39. bxa5 bxa5 40. Kf3 Be6 41. Ke2 Be3 42. Kd1 f4 43. Nc1 Bg4+ 44. Kc2 Bxc1 45. Kxc1 f3 46. Kd2 Kf4 47. Bb5 Bf5 48. h5 Kg5 49. Bc6 Be4 50. Be8 d3 51. Ke1 Kf4 52. Bd7 Ke3 53. Bh3 d2+ 54. Kd1 Bd3 0-1

[Event "Mukachevo Rating 15th"]
[Site "Mukachevo"]
[Date "2012.11.10"]
[Round "5"]
[White "Bakunts, Rafael"]
[Black "Khazankin, Moisey"]
[Result "1-0"]
[WhiteElo "2276"]
[BlackElo "2068"]
[PlyCount "145"]
[EventDate "2012.11.08"]
[EventType "tourn"]
[EventRounds "11"]
[EventCountry "UKR"]
[EventCategory "1"]
[SourceTitle "EXT 2014"]
[Source "ChessBase"]
[SourceDate "2013.11.20"]
[SourceVersion "1"]
[SourceVersionDate "2013.11.20"]
[SourceQuality "1"]

1. Nf3 c5 2. e4 d6 3. Nc3 Nf6 4. d4 cxd4 5. Nxd4 g6 6. g3 Bg7 7. Bg2 0-0 8. 0-0 Bg4 9. Nde2 Nc6 10. h3 Bd7 11. f4 Rc8 12. Kh2 Qa5 13. Nd5 Nxd5 14. exd5 Nb4 15. c3 Na6 16. Be3 Qc7 17. Re1 e6 18. dxe6 fxe6 19. Qd2 Bc6 20. Nd4 Bxg2 21. Qxg2 Qd7 22. Rad1 Nc5 23. Nf3 b6 24. Ng5 Rfe8 25. Bg1 h6 26. Nf3 Qc6 27. Nh4 Qxg2+ 28. Kxg2 g5 29. fxg5 hxg5 30. Nf3 g4 31. hxg4 d5 32. Ng5 Bf6 33. Bxc5 Bxg5 34. Bd4 Kf7 35. Re2 Kg6 36. Rde1 Rc6 37. Rf2 Rc7 38. a4 Bd8 39. Rfe2 Rc6 40. Rf1 Rc7 41. Be5 Rf7 42. Rfe1 Bf6 43. Bxf6 Rxf6 44. g5 Kxg5 45. Re5+ Kg6 46. Rxd5 Re7 47. Rd6 Kf7 48. Re5 Rg6 49. a5 Kf6 50. Rb5 Reg7 51. Rd3 bxa5 52. Rf3+ Ke7 53. Rxa5 Kd6 54. Rd3+ Kc6 55. b4 Kb7 56. Re5 Kc7 57. b5 Rg8 58. c4 Rg4 59. Rc5+ Kb7 60. Rc6 e5 61. Rc3 Rd4 62. Rf6 e4 63. c5 Rb4 64. c6+ Kc8 65. Rf7 Rb2+ 66. Kh3 Rh8+ 67. Kg4 Rg8+ 68. Kf5 Rxb5+ 69. Kxe4 a5 70. Kf3 a4 71. Rf4 Rb3 72. Rxb3 axb3 73. Rb4 1-0

[Event "Mukachevo Rating 15th"]
[Site "Mukachevo"]
[Date "2012.11.10"]
[Round "4"]
[White "Khazankin, Moisey"]
[Black "Doluhanova, Evgeniya"]
[Result "0-1"]
[WhiteElo "2068"]
[BlackElo "2289"]
[PlyCount "144"]
[EventDate "2012.11.08"]
[EventType "tourn"]
[EventRounds "11"]
[EventCountry "UKR"]
[EventCategory "1"]
[SourceTitle "EXT 2014"]
[Source "ChessBase"]
[SourceDate "2013.11.20"]
[SourceVersion "1"]
[SourceVersionDate "2013.11.20"]
[SourceQuality "1"]

1. e4 c5 2. Nc3 a6 3. g3 b5 4. Bg2 Bb7 5. d3 e6 6. f4 d5 7. exd5 exd5 8. Qe2+ Be7 9. Nf3 Nf6 10. 0-0 0-0 11. Bd2 Nc6 12. a3 Rc8 13. Rae1 Re8 14. Qd1 b4 15. axb4 cxb4 16. Na4 Nd7 17. d4 Nb6 18. c3 Nc4 19. Ne5 Nxd2 20. Qxd2 Nxe5 21. fxe5 Bc6 22. Ra1 Bb5 23. Rf3 b3 24. Qd1 Rb8 25. Qxb3 Be2 26. Qa2 Bc4 27. Qb1 Qd7 28. b4 a5 29. Nb2 axb4 30. Nxc4 dxc4 31. Qe4 Red8 32. Bf1 Rbc8 33. Qf4 Bf8 34. Rd1 bxc3 35. Rxc3 Qa4 36. Be2 Bb4 37. Rf3 Qa7 38. Kg2 c3 39. Rff1 c2 40. Rd3 Qc7 41. Rc1 Qb7+ 42. Bf3 Qa6 43. Be4 Ba3 44. Rxa3 Qxa3 45. Rxc2 Rxc2+ 46. Bxc2 Qa2 47. Qe4 g6 48. Kf3 Rc8 49. Bd3 Qxh2 50. d5 Qh1+ 51. Kf4 Qh6+ 52. Kf3 Qh5+ 53. Ke3 Qg5+ 54. Qf4 Qe7 55. d6 Qe6 56. Qd4 Re8 57. Bc4 Qxe5+ 58. Qxe5 Rxe5+ 59. Kd4 Re8 60. Kd5 Kf8 61. Bb5 Rb8 62. Bc6 h5 63. Ke5 Rb2 64. Kd5 Rd2+ 65. Kc5 g5 66. Ba4 h4 67. gxh4 gxh4 68. Bd7 Rd3 69. Kc6 h3 70. Bf5 Rc3+ 71. Kd7 h2 72. Be4 Rc1 0-1

[Event "Mukachevo Rating 15th"]
[Site "Mukachevo"]
[Date "2012.11.09"]
[Round "2"]
[White "Khazankin, Moisey"]
[Black "Zajarnyi, Anatolyi"]
[Result "1-0"]
[WhiteElo "2068"]
[BlackElo "2304"]
[PlyCount "57"]
[EventDate "2012.11.08"]
[EventType "tourn"]
[EventRounds "11"]
[EventCountry "UKR"]
[EventCategory "1"]
[SourceTitle "EXT 2014"]
[Source "ChessBase"]
[SourceDate "2013.11.20"]
[SourceVersion "1"]
[SourceVersionDate "2013.11.20"]
[SourceQuality "1"]

1. e4 Nc6 2. Nc3 Nf6 3. d4 d5 4. e5 Nd7 5. Nf3 Nb6 6. a3 Bg4 7. Be2 e6 8. h3 Bh5 9. 0-0 Be7 10. Re1 0-0 11. g4 Bg6 12. Bd3 a5 13. Kg2 a4 14. h4 Qd7 15. h5 Bxd3 16. Qxd3 f5 17. g5 Nc4 18. Ne2 f4 19. Bxf4 Nxb2 20. Qc3 Nc4 21. Rh1 b5 22. Nh4 Bxa3 23. Rxa3 b4 24. Qh3 Nxa3 25. Qd3 Ne7 26. Bd2 Rab8 27. Ng6 hxg6 28. hxg6 Qe8 29. Rh8+ 1-0

[Event "Mukachevo Rating 15th"]
[Site "Mukachevo"]
[Date "2012.11.08"]
[Round "1"]
[White "Oros, Robert"]
[Black "Khazankin, Moisey"]
[Result "1-0"]
[WhiteElo "2236"]
[BlackElo "2068"]
[PlyCount "69"]
[EventDate "2012.11.08"]
[EventType "tourn"]
[EventRounds "11"]
[EventCountry "UKR"]
[EventCategory "1"]
[SourceTitle "EXT 2014"]
[Source "ChessBase"]
[SourceDate "2013.11.20"]
[SourceVersion "1"]
[SourceVersionDate "2013.11.20"]
[SourceQuality "1"]

1. d4 Nf6 2. c4 c5 3. d5 e5 4. Nc3 d6 5. e4 Be7 6. Bd3 0-0 7. h3 Nbd7 8. g4 Ne8 9. Nf3 a6 10. a4 b6 11. Be3 g6 12. Qd2 Ng7 13. Bh6 Nf6 14. Ke2 Bd7 15. Rag1 Rb8 16. Nh4 Nfe8 17. Nf3 Nf6 18. Nd1 b5 19. axb5 axb5 20. Ne3 bxc4 21. Nxc4 Bb5 22. Qc2 Bxc4 23. Bxc4 Qd7 24. b3 Ra8 25. Ra1 Ra7 26. Qd3 Rfa8 27. Bb5 Ra2+ 28. Nd2 Qc8 29. Rxa2 Rxa2 30. Qb1 Ra7 31. f3 Nd7 32. Nc4 Qd8 33. Bd2 Qb8 34. Ba4 Bd8 35. Rc1 1-0

[Event "Yuzhny op"]
[Site "Yuzhny"]
[Date "2011.09.07"]
[Round "8"]
[White "Rogozhnikov, Nikolay"]
[Black "Khazankin, Moisey"]
[Result "0-1"]
[WhiteElo "1878"]
[BlackElo "2111"]
[PlyCount "82"]
[EventDate "2011.09.03"]
[EventType "swiss"]
[EventRounds "9"]
[EventCountry "UKR"]
[SourceTitle "CBM 144 Extra"]
[Source "ChessBase"]
[SourceDate "2011.10.28"]
[SourceVersion "1"]
[SourceVersionDate "2011.10.28"]
[SourceQuality "1"]

1. e4 c5 2. Nf3 d6 3. d4 Nf6 4. Bb5+ Bd7 5. Qe2 cxd4 6. Nxd4 Nc6 7. Nb3 e5 8. Nc3 Be7 9. f3 0-0 10. Be3 a6 11. Bd3 b5 12. 0-0-0 Be6 13. g4 Nb4 14. h4 Nxd3+ 15. Qxd3 Bc4 16. Qd2 b4 17. Nd5 Nxd5 18. exd5 a5 19. Kb1 a4 20. Nc1 Qa5 21. b3 axb3 22. cxb3 Bb5 23. Rh2 Rfc8 24. g5 f5 25. gxf6 Bxf6 26. Bg5 Bxg5 27. hxg5 Bd7 28. f4 Bf5+ 29. Ka1 Rc2 30. Qxc2 Bxc2 31. Rxc2 exf4 32. Ne2 Rf8 33. Rcd2 f3 34. Ng3 Qc5 35. Kb1 f2 36. Nf1 Qc3 37. Rc1 Qe5 38. Rd3 Qe4 39. Rcd1 Rf3 40. Kc2 Rxd3 41. Rxd3 Qe2+ 0-1

[Event "Geller Memorial op-B 7th"]
[Site "Odessa"]
[Date "2011.08.27"]
[Round "8"]
[White "Taranenko, Evgueniy"]
[Black "Khazankin, Moisey"]
[Result "1-0"]
[WhiteElo "2074"]
[BlackElo "2166"]
[PlyCount "101"]
[EventDate "2011.08.20"]
[EventType "swiss"]
[EventRounds "9"]
[EventCountry "UKR"]
[SourceTitle "EXT 2014"]
[Source "ChessBase"]
[SourceDate "2013.11.20"]
[SourceVersion "1"]
[SourceVersionDate "2013.11.20"]
[SourceQuality "1"]

1. a3 Nf6 2. Nc3 d5 3. d3 d4 4. Nb1 e5 5. Nf3 Nc6 6. g3 h6 7. Bg2 Be6 8. 0-0 Qd7 9. b4 a6 10. c3 Bh3 11. Bb2 Bxg2 12. Kxg2 Be7 13. cxd4 exd4 14. Nbd2 Nh7 15. Nb3 Bf6 16. Nc5 Qd5 17. Qb3 Qxb3 18. Nxb3 0-0-0 19. Rac1 Rhe8 20. Rc2 Ng5 21. Ng1 Ne6 22. Rfc1 Ne7 23. Nf3 c6 24. Kf1 Rd5 25. Nc5 Red8 26. Ne4 Bg5 27. Nexg5 hxg5 28. h4 g4 29. Nd2 g5 30. hxg5 Rxg5 31. Kg2 Rh5 32. Rh1 Rxh1 33. Kxh1 f5 34. Nb3 Rd5 35. Nc5 Nxc5 36. Rxc5 Rd6 37. Kg2 b5 38. f3 gxf3+ 39. Kxf3 Kd7 40. Rc1 Ke6 41. Rh1 Kd5 42. Rc1 Ng6 43. Rc5+ Ke6 44. Bc1 Ne5+ 45. Kf4 Ng6+ 46. Kg5 Ne7 47. Bf4 Rd8 48. Re5+ Kf7 49. Rc5 Rg8+ 50. Kh5 Rh8+ 51. Kg5 1-0

[Event "Geller Memorial op-B 7th"]
[Site "Odessa"]
[Date "2011.08.21"]
[Round "2"]
[White "Simonenko, Artur"]
[Black "Khazankin, Moisey"]
[Result "0-1"]
[WhiteElo "1853"]
[BlackElo "2166"]
[PlyCount "60"]
[EventDate "2011.08.20"]
[EventType "swiss"]
[EventRounds "9"]
[EventCountry "UKR"]
[SourceTitle "EXT 2014"]
[Source "ChessBase"]
[SourceDate "2013.11.20"]
[SourceVersion "1"]
[SourceVersionDate "2013.11.20"]
[SourceQuality "1"]

1. e4 c5 2. Nf3 d6 3. d4 Nf6 4. Nbd2 cxd4 5. Nxd4 Nc6 6. Nb5 a6 7. Nc3 g6 8. Bd3 Bg7 9. 0-0 0-0 10. f4 Ng4 11. Nf3 Qb6+ 12. Kh1 Nf2+ 13. Rxf2 Qxf2 14. Nd5 Bg4 15. Be3 Bxf3 16. gxf3 Qh4 17. Nb6 Rad8 18. c3 e6 19. f5 Bh6 20. Qd2 Bxe3 21. Qxe3 Ne5 22. Bc2 Qh3 23. Bd1 Qf1+ 24. Qg1 Qd3 25. Qg2 Qe3 26. Na4 b5 27. Nb6 Qxb6 28. Qd2 exf5 29. exf5 Qc6 30. Qf4 Qc4 0-1

[Event "Albena op 19th"]
[Site "Albena"]
[Date "2011.06.29"]
[Round "5"]
[White "Khazankin, Moisey"]
[Black "Spassov, Liuben"]
[Result "0-1"]
[WhiteElo "2091"]
[BlackElo "2384"]
[PlyCount "104"]
[EventDate "2011.06.25"]
[EventType "swiss"]
[EventRounds "9"]
[EventCountry "BUL"]
[SourceTitle "CBM 143 Extra"]
[Source "ChessBase"]
[SourceDate "2011.08.29"]
[SourceVersion "1"]
[SourceVersionDate "2011.08.29"]
[SourceQuality "1"]

1. e4 c5 2. Nc3 e6 3. g3 a6 4. Bg2 b5 5. d3 Bb7 6. f4 h5 7. Nf3 Be7 8. Qe2 d6 9. Be3 Nc6 10. 0-0 Nf6 11. h3 Qc7 12. a3 Rc8 13. Ng5 b4 14. axb4 Nxb4 15. f5 e5 16. Na4 Qd8 17. c3 Nc6 18. Qd2 a5 19. Bf3 Nd7 20. Bd1 Bxg5 21. Bxg5 Nf6 22. Bb3 Ba6 23. Bd5 Ne7 24. Bxf6 gxf6 25. c4 Rb8 26. Nc3 Bb7 27. Ra2 Bxd5 28. exd5 Kf8 29. Ne4 Kg7 30. Rxa5 Rb6 31. h4 Nc8 32. Ra8 Qe7 33. Rf2 Rg8 34. Kh2 Qb7 35. Ra1 Qe7 36. Rg1 Kh7 37. g4 hxg4 38. Qe2 g3+ 39. Rxg3 Rxg3 40. Kxg3 Qd8 41. Rg2 Kh6 42. Kh2 Qh8 43. Qe3+ Kh7 44. Qf3 Kh6 45. Qg4 Ne7 46. Ng3 Qh7 47. Qh5+ Kg7 48. Ne4+ Kh8 49. Qxh7+ Kxh7 50. Nxf6+ Kh6 51. Ng4+ Kh5 52. Kh3 Nxf5 0-1

[Event "Yuzhny op"]
[Site "Yuzhny"]
[Date "2010.09.12"]
[Round "9"]
[White "Khazankin, Moisey"]
[Black "Baranovsky, Sergey"]
[Result "1-0"]
[WhiteElo "2136"]
[BlackElo "2057"]
[PlyCount "139"]
[EventDate "2010.09.07"]
[EventType "swiss"]
[EventRounds "9"]
[EventCountry "UKR"]
[SourceTitle "CBM 138 Extra"]
[Source "ChessBase"]
[SourceDate "2010.10.29"]
[SourceVersion "1"]
[SourceVersionDate "2010.10.29"]
[SourceQuality "1"]

1. e4 c5 2. Nc3 Nc6 3. Bb5 a6 4. Bxc6 bxc6 5. d3 d6 6. f4 e6 7. Nf3 Qc7 8. 0-0 g6 9. b3 Bg7 10. Bb2 Nf6 11. Qe1 0-0 12. Qh4 Qd8 13. g4 Nd7 14. g5 Qa5 15. Qe1 Re8 16. e5 d5 17. Qh4 Qb6 18. Na4 Qd8 19. Ba3 Bf8 20. Qf2 Qa5 21. c4 Rb8 22. Bc1 Qc7 23. Be3 Qa5 24. Kh1 Be7 25. Rg1 Bb7 26. Rg3 Kg7 27. Rh3 Rh8 28. Bd2 Qd8 29. Qe1 Qe8 30. Ba5 Bd8 31. Bxd8 Qxd8 32. Rh6 Qc7 33. h3 Rbd8 34. Rd1 Qb8 35. Nh2 Ba8 36. Ng4 Qb4 37. Nf6 Qa3 38. Qf2 Qb4 39. Rg1 dxc4 40. dxc4 Nb6 41. Qxc5 Qd2 42. Nxb6 Qxf4 43. Nbd7 Qf3+ 44. Rg2 Rxd7 45. Nxd7 Rd8 46. Qf2 Qxf2 47. Rxf2 c5+ 48. Kh2 Rxd7 49. Rh4 Bc6 50. Rhf4 a5 51. h4 a4 52. Rb2 a3 53. Rc2 Rd1 54. Rff2 Rh1+ 55. Kg3 Be4 56. Rcd2 Rg1+ 57. Kf4 Bf5 58. Rg2 Rh1 59. Rh2 Rg1 60. Rd7 Re1 61. Ra7 Re4+ 62. Kf3 Rxe5 63. Rxa3 h6 64. gxh6+ Kxh6 65. Ra7 Kg7 66. Rc7 Kf6 67. a4 Be4+ 68. Kf4 Bd3 69. Rxf7+ Kxf7 70. Kxe5 1-0